000 01141nam a22003377a 4500
001 BR0404391
003 BR-BrBNA
005 20230928101719.0
007 ta
008 230509b bl.||||| |||| 00| 0 por d
040 _aBR-BrBNA
_bpor
_cBiblioteca Nacional de Agricultura
041 _a(Eng, Por)
072 _aL02; L51
_b5212
090 _ 5212 BR0404391
110 1 _aUniversidade Federal de Viçosa, MG (Brasil). Depto. de Zootecnia
_910993
111 1 _aSimpósio Internacional sobre Exigências Nutricionais de Ruminantes
_cViçosa, MG (Brazil)
_d24-26 Oct 1995
245 1 _aAnais do Simpósio Internacional sobre Exigências Nutricionais de Ruminantes
260 3 _aViçosa, MG (Brasil):
_c1995.
300 _a504 p.
500 _aSummaries (Eng, Por); Several bibliography; 25 illus.; 261 tables
650 _aBOVINO
650 _aNUTRIÇÃO ANIMAL
650 _aEFICIÊNCIA NUTRICIONAL
650 _aSUPLEMENTO ALIMENTAR
650 _aMETABOLISMO
650 _aVALOR NUTRITIVO
650 _aDISPONIBILIDADE DE NUTRIENTE
650 _aPLANTA FORRAGEIRA
909 _a202309
_bLucia
_c55
_dLucia Elande
942 _cBK
999 _c67217
_d67217